| 000 | 00902nam a2200229 i 4500 | ||
|---|---|---|---|
| 001 | 180427 | ||
| 003 | ES-MaACL | ||
| 005 | 20250814080957.0 | ||
| 008 | 120601s1969 sp |||| | spa d | ||
| 080 | _a551.78(043.2) | ||
| 080 | _a56(467.1)(043.2) | ||
| 100 | 1 |
_aFerrer Modolell, Jorge. _9150315 |
|
| 245 | 1 | 0 |
_aBioestratigrafía y micropaleontología del Paleoceno y Eoceno del borde sud-oriental de la depresión del Ebro / _cpor Jorge Ferrer Modolell. |
| 260 |
_aBarcelona : _bUniversidad de Barcelona, Secretariado de Publicaciones, Intercambio Científico y Extensión Universitaria], _c1969. |
||
| 300 |
_a20 p. ; _c24 cm. |
||
| 502 | _aTesis-Universidad Barcelona (Extracto) | ||
| 650 | 4 |
_aMicropaleontología. _9150316 |
|
| 650 | 0 | 7 |
_aPaleontología _2embne _915808 |
| 710 | 2 |
_aUniversidad de Barcelona. _97141 |
|
| 852 |
_aES-MaACL _jE-15362(22) |
||
| 999 |
_c180427 _d180427 |
||